000 00620nam a2200205 a 4500
001 65673
003 BD-RjUL
005 20211209081442.0
008 170309r19721968ii a|||| ||| 000 0 eng d
035 _a(BD-RjUL)65803
040 _aBD-RjUL
_beng
_cBD-RjUL
041 _aeng
082 _223
_a333.77
_bPRO 1972
245 0 0 _aProcessing of symposium on urban land use /
_cS. P. Chatterjee [et.al.]
260 _aCalcutta :
_bNational Committee forGeography,
_cc1972 [Reprint 1972]
300 _a[9], 98 p, :
_bill. ;
_c24 cm.
650 _aUrban lands
_9194252
700 _aChatterjee, S. P.
_9194253
942 _2ddc
_cBK
999 _c65673
_d65673